<?xml version="1.0" encoding="UTF-8"?><?xml-stylesheet type="text/xsl" href="static/style.xsl"?><OAI-PMH xmlns="http://www.openarchives.org/OAI/2.0/" xmlns:xsi="http://www.w3.org/2001/XMLSchema-instance" xsi:schemaLocation="http://www.openarchives.org/OAI/2.0/ http://www.openarchives.org/OAI/2.0/OAI-PMH.xsd"><responseDate>2026-04-14T03:38:02Z</responseDate><request verb="GetRecord" identifier="oai:www.recercat.cat:2099.1/11866" metadataPrefix="marc">https://recercat.cat/oai/request</request><GetRecord><record><header><identifier>oai:recercat.cat:2099.1/11866</identifier><datestamp>2026-01-15T11:00:25Z</datestamp><setSpec>com_2072_1033</setSpec><setSpec>col_2072_452951</setSpec></header><metadata><record xmlns="http://www.loc.gov/MARC21/slim" xmlns:dcterms="http://purl.org/dc/terms/" xmlns:xsi="http://www.w3.org/2001/XMLSchema-instance" xmlns:doc="http://www.lyncode.com/xoai" xsi:schemaLocation="http://www.loc.gov/MARC21/slim http://www.loc.gov/standards/marcxml/schema/MARC21slim.xsd">
   <leader>00925njm 22002777a 4500</leader>
   <datafield ind2=" " ind1=" " tag="042">
      <subfield code="a">dc</subfield>
   </datafield>
   <datafield ind2=" " ind1=" " tag="720">
      <subfield code="a">Muñoz Ramírez, Abel</subfield>
      <subfield code="e">author</subfield>
   </datafield>
   <datafield ind2=" " ind1=" " tag="260">
      <subfield code="c">2011-01-24</subfield>
   </datafield>
   <datafield ind2=" " ind1=" " tag="520">
      <subfield code="a">Creación de una Grúa Torre mediante el programa CypeCAD. El&#xd;
dimensionamiento de cada parte de su estructura se realiza&#xd;
mediante las hipótesis de los pesos de los elementos que&#xd;
conforman la grúa: motor-reductor de giro, motor-reductor&#xd;
de traslación, motor-reductor de elevación, poleas de&#xd;
traslación, poleas de elevación, tambores de arrollamiento&#xd;
de elevación, tambor de arrollamiento de traslación,&#xd;
contrapesos, lastre, cable de traslación, cable de&#xd;
elevación, carro y corona de giro; también sobre la&#xd;
hipótesis de la acción del viento tanto en servicio como en&#xd;
no servicio, siguiendo la normativa vigente.&#xd;
Viendo las limitaciones del CypeCAD, se han tenido que&#xd;
realizar hipótesis para poder ajustar todas las fuerzas en&#xd;
el lugar de su aplicación. En la elección barras que forman&#xd;
la estructura se han encontró barias limitaciones como por&#xd;
ejemplo el no poder utilizar los tirantes para aguntar la&#xd;
Pluma y la Contrapluma porque el programa decía que&#xd;
necesitaban estar arriostrados, entonces se han estudiado&#xd;
las soluciones posibles para tener un alternativa que nos&#xd;
permita el cálculo del conjunto.&#xd;
Se ha calculado la vida útil de la grúa.&#xd;
Los elementos que permiten el funcionamiento de la grúa han&#xd;
sido calculados para poder hacer una elección dentro de los&#xd;
productos que hay a la venta, como: motor-reductor de&#xd;
traslación, motor-reductor de elevación, motor-reductor de&#xd;
giro, corona, poleas para realizar los movimientos de&#xd;
traslación y elevación, contrapesos de la contrapluma,&#xd;
tambor de arrollamiento tanto para el cable de elevación&#xd;
como para el de traslación, gancho, cable de elevación,&#xd;
cable de traslación, eslingas para enganchar la carga al&#xd;
gancho, corona de giro que pueda soportar el peso de la&#xd;
estructura formada por el conjunto de Contrapluma-&#xd;
Plataforma de giro-Pluma y permitir el giro de ella.&#xd;
Se han colocado elementos de seguridad para la protección&#xd;
tanto de la grúa como del usuario que la utiliza o el&#xd;
trabajador que hay en sus proximidades.&#xd;
Se ha realizado la explicación de los pasos para poder&#xd;
montar y desmontar la grúa en el lugar donde se va a&#xd;
utilizar.&#xd;
También se explica el mantenimiento de la grúa tanto antes&#xd;
como después de su utilización, las normas de seguridad que&#xd;
tiene que seguir el gruista para el buen funcionamiento de&#xd;
la grúa y no producir un deterioro de esta antes de&#xd;
terminar su vida útil.&#xd;
Por último se han hecho unas consideraciones&#xd;
medioambientales sobre esta grúa.</subfield>
   </datafield>
   <datafield tag="653" ind2=" " ind1=" ">
      <subfield code="a">Àrees temàtiques de la UPC::Enginyeria mecànica::Fabricació::Disseny i càlcul de màquines</subfield>
   </datafield>
   <datafield tag="653" ind2=" " ind1=" ">
      <subfield code="a">Cranes, derricks, etc.</subfield>
   </datafield>
   <datafield tag="653" ind2=" " ind1=" ">
      <subfield code="a">Torre</subfield>
   </datafield>
   <datafield tag="653" ind2=" " ind1=" ">
      <subfield code="a">Pluma</subfield>
   </datafield>
   <datafield tag="653" ind2=" " ind1=" ">
      <subfield code="a">Contrapluma</subfield>
   </datafield>
   <datafield tag="653" ind2=" " ind1=" ">
      <subfield code="a">Plataforma de giro</subfield>
   </datafield>
   <datafield tag="653" ind2=" " ind1=" ">
      <subfield code="a">Base</subfield>
   </datafield>
   <datafield tag="653" ind2=" " ind1=" ">
      <subfield code="a">Zapata</subfield>
   </datafield>
   <datafield tag="653" ind2=" " ind1=" ">
      <subfield code="a">Tambor</subfield>
   </datafield>
   <datafield tag="653" ind2=" " ind1=" ">
      <subfield code="a">Poleas</subfield>
   </datafield>
   <datafield tag="653" ind2=" " ind1=" ">
      <subfield code="a">Gancho</subfield>
   </datafield>
   <datafield tag="653" ind2=" " ind1=" ">
      <subfield code="a">Placas de anclaje</subfield>
   </datafield>
   <datafield tag="653" ind2=" " ind1=" ">
      <subfield code="a">Grues, càbries, etc</subfield>
   </datafield>
   <datafield ind2="0" ind1="0" tag="245">
      <subfield code="a">Diseño y cálculo de una grúa torre</subfield>
   </datafield>
</record></metadata></record></GetRecord></OAI-PMH>